| 000 | 00805nam a2200217 a 4500 | ||
|---|---|---|---|
| 001 | sa 68007477 | ||
| 003 | DLC | ||
| 005 | 20260227112523.0 | ||
| 008 | 920311m19661980bg d 000 0 beno | ||
| 010 | _asa 68007477 //r95 | ||
| 040 |
_aDLC _cDLC |
||
| 050 | 0 | 0 |
_aPK1687 _b.C56 |
| 100 | 1 | _aChoudhury, A. M. Faiz Ahmad. | |
| 245 | 1 | 0 |
_aBāṃlā-Urdū abhidhāna = _bBengali to Urdu dictionary / _cE. Ema. Phaẏeja Āhmada Caudhurī saṃkalita. |
| 260 | 0 |
_aḌhākā : _bKendrīẏa Bāṇlā-Unnaẏana-Borḍa, _c1966-1980. |
|
| 300 |
_a4 v. ; _c25 cm. |
||
| 500 | _aBengali and Urdu; foreword in English; pref. in Urdu. | ||
| 500 | _aVols. 3-4 have imprint: Ḍhākā : Bāṃlā Ekāḍemī. | ||
| 505 | 0 | _a1.Svarabarṇa -- 2. Byañjana barṇa. | |
| 650 | 0 |
_aBengali language _xDictionaries _xUrdu. |
|
| 999 |
_c81832 _d81832 |
||